00297nam a2200121Ia 4500008004100000041000900041082001800050100002500068245002500093260004100118300000800159650000800167230718s9999 xx 000 0 und d aEng. a346.04bASH-R aashfaq ahmed kharal 0aregisration act 1908 aPakistanbimran law book housec2020 a626 aLaw